<?xml version="1.0" encoding="UTF-8"?>
<record
    xmlns:xsi="http://www.w3.org/2001/XMLSchema-instance"
    xsi:schemaLocation="http://www.loc.gov/MARC21/slim http://www.loc.gov/standards/marcxml/schema/MARC21slim.xsd"
    xmlns="http://www.loc.gov/MARC21/slim">

  <leader>00395    a2200157   4500</leader>
  <controlfield tag="005">20260130114101.0</controlfield>
  <controlfield tag="008">260130b        |||||||| |||| 00| 0 eng d</controlfield>
  <datafield tag="020" ind1=" " ind2=" ">
    <subfield code="a">9780007427925</subfield>
  </datafield>
  <datafield tag="082" ind1=" " ind2=" ">
    <subfield code="a">720/MCA</subfield>
  </datafield>
  <datafield tag="100" ind1=" " ind2=" ">
    <subfield code="a">McCandless D</subfield>
    <subfield code="9">26729</subfield>
  </datafield>
  <datafield tag="245" ind1=" " ind2=" ">
    <subfield code="a">Knowledge Is Beautiful</subfield>
  </datafield>
  <datafield tag="260" ind1=" " ind2=" ">
    <subfield code="b">William Collins</subfield>
    <subfield code="c">2014</subfield>
    <subfield code="a">london</subfield>
  </datafield>
  <datafield tag="300" ind1=" " ind2=" ">
    <subfield code="a">255p</subfield>
    <subfield code="b">HB</subfield>
  </datafield>
  <datafield tag="500" ind1=" " ind2=" ">
    <subfield code="a">General Architecture</subfield>
  </datafield>
  <datafield tag="942" ind1=" " ind2=" ">
    <subfield code="c">BK</subfield>
  </datafield>
  <datafield tag="999" ind1=" " ind2=" ">
    <subfield code="c">370239</subfield>
    <subfield code="d">370239</subfield>
  </datafield>
  <datafield tag="952" ind1=" " ind2=" ">
    <subfield code="0">0</subfield>
    <subfield code="1">0</subfield>
    <subfield code="2">ddc</subfield>
    <subfield code="4">0</subfield>
    <subfield code="7">0</subfield>
    <subfield code="a">BNCA</subfield>
    <subfield code="b">BNCA</subfield>
    <subfield code="d">2026-01-29</subfield>
    <subfield code="e">213</subfield>
    <subfield code="g">1049.30</subfield>
    <subfield code="l">0</subfield>
    <subfield code="o">720/MCA</subfield>
    <subfield code="p">BNCA-BK-13444</subfield>
    <subfield code="r">2026-01-29 00:00:00</subfield>
    <subfield code="v">1499.00</subfield>
    <subfield code="w">2026-01-24</subfield>
    <subfield code="y">BK</subfield>
  </datafield>
  <datafield tag="952" ind1=" " ind2=" ">
    <subfield code="0">0</subfield>
    <subfield code="1">0</subfield>
    <subfield code="2">ddc</subfield>
    <subfield code="4">0</subfield>
    <subfield code="7">0</subfield>
    <subfield code="a">BNCA</subfield>
    <subfield code="b">BNCA</subfield>
    <subfield code="d">2026-01-29</subfield>
    <subfield code="e">213</subfield>
    <subfield code="g">1049.30</subfield>
    <subfield code="l">1</subfield>
    <subfield code="o">720/MCA</subfield>
    <subfield code="p">BNCA-BK-13443</subfield>
    <subfield code="r">2026-03-30 10:41:07</subfield>
    <subfield code="s">2026-03-25</subfield>
    <subfield code="v">1499.00</subfield>
    <subfield code="w">2026-01-24</subfield>
    <subfield code="y">BK</subfield>
  </datafield>
  <datafield tag="952" ind1=" " ind2=" ">
    <subfield code="0">0</subfield>
    <subfield code="1">0</subfield>
    <subfield code="2">ddc</subfield>
    <subfield code="4">0</subfield>
    <subfield code="7">0</subfield>
    <subfield code="a">BNCA</subfield>
    <subfield code="b">BNCA</subfield>
    <subfield code="d">2026-01-29</subfield>
    <subfield code="e">213</subfield>
    <subfield code="g">1049.30</subfield>
    <subfield code="l">0</subfield>
    <subfield code="o">720/MCA</subfield>
    <subfield code="p">BNCA-BK-13445</subfield>
    <subfield code="r">2026-01-29 00:00:00</subfield>
    <subfield code="v">1499.00</subfield>
    <subfield code="w">2026-01-24</subfield>
    <subfield code="y">BK</subfield>
  </datafield>
</record>
